| 000 | 00412nam a22001697a 4500 | ||
|---|---|---|---|
| 005 | 20160519100633.0 | ||
| 008 | 160519b xxu||||| |||| 00| 0 eng d | ||
| 020 | _a81-7808588-7 | ||
| 041 | _aeng | ||
| 082 | _b3116 | ||
| 100 |
_aTalsia P.C. _9779 |
||
| 245 | _aQuantitative tech. Theory & problem | ||
| 260 |
_aDelhi _bPearson Education, _c2002 |
||
| 300 | _a12.18 | ||
| 650 |
_aManagement _9241 |
||
| 942 | _cBK | ||
| 999 |
_c1071 _d1071 |
||